Графы на поверхностях и их приложения

Detaylı Bibliyografya
Yazar: Звонкин А. К. Александр Калманович
Diğer Yazarlar: Ландо С. К. Сергей Константинович
Özet:Графы, нарисованные на двумерных поверхностях, всегда привлекали исследователей своей красотой и разнообразием связанных с ними трудных вопросов. Теория таких графов, долгое время казавшаяся сравнительно изолированной, неожиданно оказалась в самом центре современных исследований. Диапазон этих исследований простирается от теории Галуа до моделей квантовой гравитации. Книга представляет собой доступное введение в указанный круг вопросов. Она включает такие сюжеты, как накрытия римановых поверхностей, действие группы Галуа на вложенных графах (гротендиковская теория «детских рисунков»), метод матричных интегралов, пространства модулей алгебраических кривых, топологические аспекты теории мероморфных функций, а также комбинаторные аспекты инвариантов Васильева.
Dil:Rusça
Baskı/Yayın Bilgisi: Москва, Изд-во МЦНМО, 2010
Konular:
Materyal Türü: Kitap
KOHA link:https://koha.lib.tpu.ru/cgi-bin/koha/opac-detail.pl?biblionumber=193680

MARC

LEADER 00000nam0a2200000 4500
001 193680
005 20231101224515.0
010 |a 9785940575887 
035 |a (RuTPU)RU\TPU\book\211227 
090 |a 193680 
100 |a 20110325d2010 k y0rusy50 ca 
101 0 |a rus 
102 |a RU 
105 |a a z 001zy 
200 1 |a Графы на поверхностях и их приложения  |f А. К. Звонкин, С. К. Ландо 
210 |a Москва  |c Изд-во МЦНМО  |d 2010 
215 |a 480 с.  |c ил. 
320 |a Библиогр.: с. 453-469. 
320 |a Предметный указатель: с. 470-480. 
330 |a Графы, нарисованные на двумерных поверхностях, всегда привлекали исследователей своей красотой и разнообразием связанных с ними трудных вопросов. Теория таких графов, долгое время казавшаяся сравнительно изолированной, неожиданно оказалась в самом центре современных исследований. Диапазон этих исследований простирается от теории Галуа до моделей квантовой гравитации. Книга представляет собой доступное введение в указанный круг вопросов. Она включает такие сюжеты, как накрытия римановых поверхностей, действие группы Галуа на вложенных графах (гротендиковская теория «детских рисунков»), метод матричных интегралов, пространства модулей алгебраических кривых, топологические аспекты теории мероморфных функций, а также комбинаторные аспекты инвариантов Васильева. 
606 1 |a Графы на поверхности  |2 stltpush  |3 (RuTPU)RU\TPU\subj\70434  |9 84695 
610 1 |a созвездия 
610 1 |a накрытия 
610 1 |a карты 
610 1 |a детские рисунки 
610 1 |a матричные интегралы 
610 1 |a комплексные кривые 
610 1 |a пространства Гурвица 
610 1 |a алгебраические структуры 
610 1 |a вложенные графы 
610 1 |a конечные группы 
610 1 |a представления 
610 1 |a гипотеза Виттена 
675 |a 519.17  |v 3 
700 1 |a Звонкин  |b А. К.  |g Александр Калманович 
701 1 |a Ландо  |b С. К.  |g Сергей Константинович 
801 1 |a RU  |b 63413507  |c 20110325 
801 2 |a RU  |b 63413507  |c 20120408  |g RCR 
942 |c BK